000 00899nam a22002297a 4500
005 20240530110857.0
008 181226s2019 ua ac f b 000 0dara d
017 _a2019/3720
_bمصر. دار الكتب
020 _a9789779122069
040 _aEG-CaGPL
_cEG-CaGPL
082 0 4 _221
_a810.9\
_bع ر
100 0 _aعبدالسلام الشاذلى
245 1 2 _aالرؤى النقدية المعاصرة لجدل التراث والابداع /
_cعبدالسلام الشاذلى
250 _aط.1
260 _aالقاهرة :
_bالهيئة المصرية العامة للكتاب،
_c2019 .
300 _a636 ص. :
_bايض ؛
_c24 سم.
504 _aيشتمل على ارجاعات ببليوجرافية
650 0 7 _2qrmak
_aالادب العربى
_xتاريخ ونقد
650 0 7 _aالشعر العربى
_xتاريخ ونقد
942 _2ddc
_cBK
999 _c66057
_d66057